00666 a2200193 45000010006000000050017000060080041000230030015000640400040000790800035001192450052001540200018002062500013002242640033002373000019002701000026002897000028003158560129003432094820260407155501.0260407a2000 arg spa dAR-UNSa-BCEJYS aAR-UNSa-BCEJYSbspacAR-UNSa-BCEJYS a347.72xSociedades comerciales10aRégimen de sociedades comercialespLey 19.550 a950-508-205-3 a16a. ed. 1aBuenos Aires :bAstreac2000 a458 p.c20 cm.1 aZunino, Jorge Osvaldo1 aArgentina [Leyes, etc.]41uhttps://biblioeco.unsa.edu.ar/pmb/images/libros/R?gimen de Sociedades Comerciales(16a ed).jpgyImagen de portadaqimage/jpeg